| 000 | 02954cam a2200301Ia 4500 | ||
|---|---|---|---|
| 001 | biobalanceacidal00wile | ||
| 003 | CaSfIA | ||
| 005 | 20230525154553.0 | ||
| 007 | cr|||| | ||
| 008 | 040223s1989 utu b 001 0 eng d | ||
| 040 |
_aNOR _cNOR _dOCLCQ _dOCLCG _dCaSfIA |
||
| 020 | _a0943685052 | ||
| 020 | _a9780943685052 | ||
| 035 | _a(OCoLC)54467673 | ||
| 090 |
_aRC630 _b.W55 1989 |
||
| 100 | 1 |
_aWiley, Rudolf A., _d1946- |
|
| 245 | 1 | 0 |
_aBioBalance : _h[electronic resource] _bthe acid/alkaline solution to the food-mood-health puzzle / _cRudolf A. Wiley. |
| 246 | 3 | 0 | _aAcid/alkaline solution to the food-mood-health puzzle |
| 260 |
_aOrem, Utah : _bEssential Science Pub., c1989. |
||
| 300 |
_avi, 210 p. ; _c22 cm. |
||
| 504 | _aIncludes bibliography (p. 199-200) and index. | ||
| 505 | 0 | 0 |
_tForeword / _rHoward E. Hagglund -- _tPreface -- _gch. 1. _tBioBalance therapy is for you -- _gch. 2. _tWhat is BioBalance? -- _gch. 3. _tThe crisis in nutrition -- _tA consumer's guide to nutritional therapy -- _gch. 4. _tPopular nutritional therapy -- _tMacrobiotics -- _tThe Big Mac attack -- _tFit for life -- _tFat and fit to be tied -- _tThe Pritikin program -- _tHow I stopped worrying and learned to love filet mignon -- _tThe Dr. Atkins super energy diet -- _tBetween time and Timbuktu -- _tCandidiasis -- _tPlease pass the sugar -- _tThe Feingold diet -- _tWill the real Adam please step forward -- _tEat to win -- _tBreakfast of champions -- _tPsychodietetics/orthomolecular medicine -- _tThe Dr. Berger immune power diet/the Dr. Randolph allergen free elimination-rotation diet -- _tWeight maintenance -- _tThe premenstrual syndrome (PMS) diet -- _tOne who kept the faith -- _gch. 5. _tBioBalance and cyclic disorders -- _tA case of premenstrual syndrome (PMS) -- _gch. 6. _tThe crisis in psychotherapy -- _tThe cave man school of psychonutrition -- _tThe naughty and nice school of psychonutrition -- _tAlmost there -- _tBeing there -- _gch. 7. _tThe refugees of psychotherapy -- _tYou take care of my body, I'll take care of my mind -- _tFear of flying and other phobias -- _tThe hunt for Red October -- _gch. 8. _tQuestions most frequently asked about BioBalance therapy -- _gch. 9. _tHow to determine your BioProfile, achieve BioBalance and attain peak performance -- _tAbout weight control -- _gch. 10. _tConclusion : whom do I believe? -- _gappendix a. _tNutritional regimen appropriate for acidic biochemical types -- _tNutritional regimen appropriate for alkaline biochemical types -- _tNutritional regimen appropriate for mixed biochemical types -- _tReferences/bibliography -- _tIndex -- _tBiography. |
| 650 | 0 |
_aAcid-base imbalances _xNutritional aspects. |
|
| 650 | 0 |
_aAcid-base imbalances _xDiet therapy. |
|
| 650 | 0 |
_aAcid-base imbalances _xPsychological aspects. |
|
| 856 | 4 | 1 |
_uhttp://www.archive.org/details/biobalanceacidal00wile _zFree eBook from the Internet Archive |
| 856 | 4 | 2 |
_uhttp://www.openlibrary.org/books/OL8445845M _zAdditional information and access via Open Library |
| 999 |
_c15587 _d15587 |
||